El arbitraje comercial en la legislación chilena y su regulación internacional
Saved in:
| Hovedforfatter: | |
|---|---|
| Format: | Bog |
| Sprog: | spansk |
| Udgivet: |
Santiago
Jurídica de Chile
1981
|
| Fag: | |
| Tags: |
Tilføj Tag
Ingen Tags, Vær først til at tagge denne postø!
|
MARC
| LEADER | 00000nam a2200000 a 4500 | ||
|---|---|---|---|
| 001 | UCV2030 | ||
| 003 | CL-VaPUC | ||
| 008 | 910924e19810000CL |||||||||||||||||spa|d | ||
| 082 | 0 | 4 | |a 341.522 |b EYZ |2 21 |
| 100 | |a Eyzaguirre Echeverría, Rafael |e author |9 296227 | ||
| 245 | 1 | 3 | |a El arbitraje comercial en la legislación chilena y su regulación internacional |
| 300 | |a 591 p | ||
| 942 | |c BK | ||
| 945 | |d 19910924 00:00:00 | ||
| 260 | |a Santiago |b Jurídica de Chile |c 1981 | ||
| 650 | 0 | |a Arbitraje comercial |9 257152 | |
| 650 | 0 | |a Arbitraje Comercial Internacional |9 257153 | |
| 650 | 7 | |a TRATADOS COMERCIALES |2 CL-VaPUC |9 296228 | |
| 651 | 7 | |a CHILE |2 CL-VaPUC |9 296229 | |
| 583 | |a last modification |c 19910924 00:00:00 |k Rodrigo Vera | ||
| 999 | |c 209723 |d 209721 | ||
| 952 | |0 0 |1 0 |4 0 |6 341_522000000000000_EYZ_1981 |7 0 |8 A |9 185378 |a BIBDER |b BIBDER |d 2019-11-14 |i 2528797 |o 341.522 EYZ 1981 |p 2528797 |r 2023-01-25 |w 2019-11-14 |y BK |k DER | ||
| 952 | |0 0 |1 0 |4 0 |6 341_522000000000000_EYZ_1981 |7 0 |8 A |9 185379 |a BIBDER |b BIBDER |d 2019-11-14 |i 2528800 |l 2 |m 4 |o 341.522 EYZ 1981 |p 2528800 |q 2025-12-31 |r 2020-03-20 |s 2020-03-20 |w 2019-11-14 |y BK |k DER | ||